1785 1932 1234 1562 1921 1237 1371 1871 1365 1523 1996 1619 1311 1884 1527 1493 1417 1196 1822 1338 1719 1152 1526 1895 1878 1374 1172 1592 1775 1665 1379 1614 1583 1448 1570 1146 1362 1378 1323 1779 1691 1074 1147 1346 1141 1224 1168 1317 1650 1155 1552 1508 1602 1802 1159 1125 1734 1712 1867 1803 1068 1529 1867 1988 1612 1736 1446 1078 1130 1972 1462 1138 1297 1077 1909 1172 1908 1213 1548 1290 1345 1325 1269 1838 1285 1689 1907 1943 1679 1368 1901 1564 1242 1582 1980 1951 1899 1115 1680 BCNSPRNW ULIB Ver.6.0+V

เปลี่ยนเป็นภาษาไทย

Change to English
 แสดงรายละเอียดบรรณานุกรม
  กลับหน้าหลัก

Brief Record : Get Marc (ISO 2709) : E-mail record : QR code < ปิดหน้าต่าง
LEADER : 00000nam 2200000uu 4500
001    13399126072
003     ULIB
008    180525s2553||||th 000 0 tha d
020    ^a9786169069010
060  4 ^aWB537^bห321
245 00 ^aหลักพื้นฐานการนวดไทย /^cมูลนิธิสาธารณสุขกับการพัฒนา, มูลนิธิพัฒนาการแพทย์แผนไทย
246 34 ^aชุดความรู้หลักพื้นฐานการนวดไทย
250    ^aพิมพ์ครั้งที่4
260    ^aกรุงเทพฯ :^bมูลนิธิ,^c2553
300    ^a(16), 240 หน้า :^bภาพประกอบ ;^c26 ซม.
650  4 ^aการนวด
650  4 ^aการนวด^zไทย
650  4 ^aการบำบัดด้วยการนวด
710 2  ^aมูลนิธิสาธารณสุขกับการพัฒนา
710 2  ^aมูลนิธิพัฒนาการแพทย์แผนไทย
945    ^p290^l0^i004000
945    ^p290^l0^i004001
945    ^p290^l0^i004002
945    ^p290^l0^i004003
945    ^p290^l0^i004004
945    ^p290^l0^i004005
945    ^p290^l0^i004006
945    ^p290^l0^i004007
945    ^p290^l0^i004008
945    ^p290^l0^i004009
999    ^aประนอม เกษจรัล
รายการนี้ยังไม่มีแท็ก
คุณยังไม่ได้ล็อกอิน คุณสามารถมีกิจกรรมร่วมกับเว็บไซต์ได้ แต่ต้องล็อกอินก่อน ::
  ล็อกอิน

รายการสื่อสารสนเทศ

ลำดับที่ ประเภท เลขเรียก/บาร์โค้ด สถานที่ สถานะ
1. หนังสือสำรอง
หนังสือสำรอง
WB537 ห321 ฉ.1 
  Barcode: 004000
ห้องสมุดวิทยาเขตสวรรค์ประชารักษ์
►ส่วนจัดเก็บหนังสือเก่า สปร
บนชั้น
  ขอยืม
2. วิทยาศาสตร์การแพทย์ และสุขภาพ
วิทยาศาสตร์การแพทย์ และสุขภาพ
WB537 ห321 ฉ.10 
  Barcode: 004009
ห้องสมุดวิทยาเขตสวรรค์ประชารักษ์
►ส่วนจัดเก็บหนังสือเก่า สปร
บนชั้น
  ขอยืม
3. วิทยาศาสตร์การแพทย์ และสุขภาพ
วิทยาศาสตร์การแพทย์ และสุขภาพ
WB537 ห321 ฉ.2 
  Barcode: 004001
ห้องสมุดวิทยาเขตสวรรค์ประชารักษ์
►ส่วนจัดเก็บหนังสือเก่า สปร
บนชั้น
  ขอยืม
4. วิทยาศาสตร์การแพทย์ และสุขภาพ
วิทยาศาสตร์การแพทย์ และสุขภาพ
WB537 ห321 ฉ.3 
  Barcode: 004002
ห้องสมุดวิทยาเขตสวรรค์ประชารักษ์
►ส่วนจัดเก็บหนังสือเก่า สปร
บนชั้น
  ขอยืม
5. วิทยาศาสตร์การแพทย์ และสุขภาพ
วิทยาศาสตร์การแพทย์ และสุขภาพ
WB537 ห321 ฉ.4 
  Barcode: 004003
ห้องสมุดวิทยาเขตสวรรค์ประชารักษ์
►ส่วนจัดเก็บหนังสือเก่า สปร
บนชั้น
  ขอยืม
6. วิทยาศาสตร์การแพทย์ และสุขภาพ
วิทยาศาสตร์การแพทย์ และสุขภาพ
WB537 ห321 ฉ.5 
  Barcode: 004004
ห้องสมุดวิทยาเขตสวรรค์ประชารักษ์
►ส่วนจัดเก็บหนังสือเก่า สปร
บนชั้น
  ขอยืม
7. วิทยาศาสตร์การแพทย์ และสุขภาพ
วิทยาศาสตร์การแพทย์ และสุขภาพ
WB537 ห321 ฉ.6 
  Barcode: 004005
ห้องสมุดวิทยาเขตสวรรค์ประชารักษ์
►ส่วนจัดเก็บหนังสือเก่า สปร
บนชั้น
  ขอยืม
8. วิทยาศาสตร์การแพทย์ และสุขภาพ
วิทยาศาสตร์การแพทย์ และสุขภาพ
WB537 ห321 ฉ.7 
  Barcode: 004006
ห้องสมุดวิทยาเขตสวรรค์ประชารักษ์
►ส่วนจัดเก็บหนังสือเก่า สปร
บนชั้น
  ขอยืม
9. วิทยาศาสตร์การแพทย์ และสุขภาพ
วิทยาศาสตร์การแพทย์ และสุขภาพ
WB537 ห321 ฉ.8 
  Barcode: 004007
ห้องสมุดวิทยาเขตสวรรค์ประชารักษ์
►ส่วนจัดเก็บหนังสือเก่า สปร
บนชั้น
  ขอยืม
10. วิทยาศาสตร์การแพทย์ และสุขภาพ
วิทยาศาสตร์การแพทย์ และสุขภาพ
WB537 ห321 ฉ.9 
  Barcode: 004008
ห้องสมุดวิทยาเขตสวรรค์ประชารักษ์
►ส่วนจัดเก็บหนังสือเก่า สปร
บนชั้น
  ขอยืม

รายการใกล้เคียง
    หัวเรื่อง [การนวด]
    หัวเรื่อง [การบำบัดด้วยการนวด]

BibComment


ยังไม่เคยถูกคอมเมนท์

คอมเมนท์ทรัพยากรรายการนี้
  คอมเมนท์: หลักพื้นฐานการนว..


 Copyright 2026. Bcnsprnw @Library